000
00287nam a2200109Ia 4500
008
220120s9999||||xx |||||||||||||| ||und||
100
_a
Majumder, Dighe and Pusalkar
_9
11706
245
0
_a
Classical age
260
_a
BVB Publications
_b
Mandya
_c
1997
300
_b
0
650
_a
GENERAL BOOKS
999
_c
136926
_d
136926